000 00291nam a22001337a 4500
008 170526b xxu||||| |||| 00| 0 eng d
020 _a0125450753
041 _aeng
080 _a331.103
100 _a25
101 _aIM
245 _aDISRETE OPTIMIZATION
_cPARKER, R.G
942 _2udc
_cBK
999 _c14533
_d14533